How to accelerate your internet : (Record no. 7883)
[ view plain ]
| 000 -LEADER | |
|---|---|
| fixed length control field | 00556nam a2200145 4500 |
| 020 ## - INTERNATIONAL STANDARD BOOK NUMBER | |
| ISBN | 0977809315 |
| 050 ## - CALL NUMBER | |
| Classification number | TK5105 |
| Item number | .5.H47 |
| 100 ## - AUTHOR | |
| Personal name | Rob Flickenberg |
| 245 ## - TITLE | |
| Title | How to accelerate your internet : |
| Remainder of title | a practical guide to bandwidth management and optimisation using open source software |
| Statement of responsibility, etc | by editor R. Flickenger |
| 260 ## - PUBLICATION INFORMATION | |
| Place of publication | [Place of publication not identified] : |
| Name of publisher | INASP/ICTP |
| Year of publication | 2006 |
| 300 ## - DESCRIPTION | |
| Number of Pages | xiii, 298 pages |
| Other physical details | illustrations |
| 505 ## - FORMATTED CONTENTS NOTE | |
| Table of Content | includes bibliographic references and index |
| 650 ## - SUBJECTS | |
| Topical Term | Broadband communication systems |
| 942 ## - ADDED ENTRY ELEMENTS (KOHA) | |
| Koha item type | Books |
| Withdrawn status | Lost status | Home library | Current library | Date acquired | Full call number | Accession Number | Koha item type |
|---|---|---|---|---|---|---|---|
| Methodist University Library Wenchi Faculty | Methodist University Library Wenchi Faculty | 18/10/2021 | TK5105 .5.H47 | 24480 | Books |